000 00363nam a2200133Ia 4500
005 20260328101526.0
008 260328s9999||||xx |||||||||||||| ||und||
100 _aFriedman, Avi
245 0 _aNarrow Houses :
_b New directions in efficient Design /
_cAvi Friedman
260 _bPrinceton Architectural Press
300 _a240 p.
650 _aVIVIENDA
942 _cBK
999 _c9787
_d9787